000 00835nam a2200241Ii 4500
003 JO-AjNU
008 230605s9999||||xx |||||||||||||| ||und||
017 _a2008/7172
020 _a978-99901-38-20-7
040 _aJO-AjNU
_bara
_erda
_cJO-AjNU
041 _aara
050 1 4 _aK3410.2008
100 3 _a الدليمي ، محمد عبدالله حمود,
_eauthor
_953066
245 0 0 _aالقضاء الإداري في مملكة البحرين
250 _aط1
264 3 1 _aمملكة البحرين : جامعة العلوم التطبيقية ، 2008
300 _a334ص
336 _atext
_btxt
_2rdacontent
337 _aunmediated
_bn
_2rdamedia
338 _avolume
_bnc
_2rdacarrier
490 0 _aسلسلة الكتب القانونية (15)
650 4 _aقضاء اداري -- مملكة البحرين
_953067
999 _aA23545
_c27113
_d27113